Waterpolo: técnica, táctica, estrategia
Gorde:
| Egile nagusia: | |
|---|---|
| Formatua: | Liburua |
| Hizkuntza: | gaztelania |
| Argitaratua: |
Madrid
Gymnos
1998
|
| Gaiak: | |
| Etiketak: |
Etiketa erantsi
Etiketarik gabe, Izan zaitez lehena erregistro honi etiketa jartzen!
|
MARC
| LEADER | 00000nam a2200000 a 4500 | ||
|---|---|---|---|
| 001 | UCP5755 | ||
| 003 | CL-VaPUC | ||
| 008 | 990927e19980000SP |||||||||||||||||spa|d | ||
| 082 | 0 | 4 | |a 797.25 |b LLO |2 21 |
| 100 | |a Lloret Riera, Mario |e autor |9 447925 | ||
| 245 | 1 | 0 | |a Waterpolo: técnica, táctica, estrategia |
| 300 | |a 279 p | ||
| 942 | |c BK | ||
| 945 | |d 19990927 00:00:00 |a cmena | ||
| 260 | |a Madrid |b Gymnos |c 1998 | ||
| 650 | 0 | |a Deportes |9 224367 | |
| 650 | 0 | |a Waterpolo |9 388059 | |
| 650 | 7 | |a DEPORTES ACUATICOS |2 CL-VaPUC |9 262007 | |
| 583 | |a last modification |c 19990927 00:00:00 |k Rodrigo Vera | ||
| 999 | |c 283423 |d 283421 | ||
| 952 | |0 0 |1 0 |4 0 |6 797_250000000000000_LLO_1998 |7 0 |8 A |9 326587 |a BIBEDU |b BIBEDU |d 2019-11-20 |i 3561577 |o 797.25 LLO 1998 |p 3561577 |r 2019-11-20 |w 2019-11-20 |y BK |k EFI | ||